000 00333nam a22001457a 4500
008 221013b ||||| |||| 00| 0 eng d
020 _a0683060791
041 _aeng
080 _22ND EDITION
_a61
082 _a61 MOS
100 _a5
101 _aMJEK
245 _aHEART DISEASE IN INFANTS CHILDREN
_cMOSS.J.A
942 _2udc
_cBK
999 _c58549
_d58549